[Event "ONJK 2017 B"]
[Site "Borne, Netherlands"]
[Date "2017.08.11"]
[Round "7"]
[White "Joosse, Xander"]
[Black "Tiemens, Tygo"]
[Result "1-0"]
[WhiteElo "1536"]
[BlackElo "1015"]
[PlyCount "53"]
[EventDate "2017.08.??"]

1. d4 d5 2. c4 e6 3. Nf3 Nf6 4. Bg5 Be7 5. Nc3 O-O 6. e3 Nc6 7. Be2 Ne4 8. Bxe7
Qxe7 9. Nxe4 dxe4 10. Nd2 e5 11. d5 Nb4 12. Nxe4 Bf5 13. Bf3 Rad8 14. a3 Nc6
15. O-O Na5 16. Nd2 e4 17. Be2 Qg5 18. g3 c6 19. b4 Nxc4 20. Bxc4 cxd5 21. Be2
d4 22. Qb3 dxe3 23. f4 Qf6 24. Qxe3 Qb2 25. Nc4 Qd4 26. Qxd4 Rxd4 27. Rfd1 {
... [57]} 1-0

[Event "ONJK 2017 B"]
[Site "Borne, Netherlands"]
[Date "2017.08.11"]
[Round "7"]
[White "Kanbier, Guy"]
[Black "Vermet, Thomas"]
[Result "1-0"]
[WhiteElo "1487"]
[BlackElo "1137"]
[PlyCount "51"]
[EventDate "2017.08.??"]

1. e4 e5 2. Nf3 Nc6 3. Nc3 Nf6 4. d3 d6 5. Bg5 Be7 6. Be3 O-O 7. Be2 Re8 8. O-O
d5 9. exd5 Nxd5 10. Nxd5 Qxd5 11. c4 Qd6 12. Qb3 Qg6 13. Ne1 Nd4 14. Bxd4 exd4
15. Qd1 Bd6 16. Bf3 Qh6 17. g3 c6 18. Bg4 Bxg4 19. Qxg4 Re6 20. Qxd4 b6 21. Ng2
Qh5 22. Rfe1 Rae8 23. Rxe6 Rxe6 24. Nf4 Qf5 25. Nxe6 Qxe6 26. b4 1-0

[Event "ONJK 2017 B"]
[Site "Borne, Netherlands"]
[Date "2017.08.11"]
[Round "7"]
[White "Eelsingh, Janko"]
[Black "Zuurmond, Derek"]
[Result "1-0"]
[WhiteElo "1202"]
[BlackElo "1471"]
[PlyCount "103"]
[EventDate "2017.08.??"]

1. d4 d5 2. Bf4 Bf5 3. e3 Nf6 4. Bd3 Bg6 5. c3 e6 6. Nf3 Bd6 7. Ne5 Bxd3 8.
Qxd3 Nbd7 9. Nd2 Bxe5 10. dxe5 Nh5 11. Nf3 Nxf4 12. exf4 f6 13. exf6 Qxf6 14.
Qd4 O-O 15. Ne5 Nb6 16. g3 Rac8 17. Nd3 Qxd4 18. cxd4 Nd7 19. Ne5 Nxe5 20. fxe5
Rf3 21. Ke2 Rcf8 22. Rhf1 R8f7 23. Rac1 c6 24. Rc3 Rxc3 25. bxc3 Rc7 26. f4 g6
27. g4 Rf7 28. Kd3 Kf8 29. c4 Ke7 30. a4 b6 31. h4 h6 32. cxd5 cxd5 33. Ke3 g5
34. hxg5 hxg5 35. f5 exf5 36. gxf5 g4 37. Kf4 a6 38. Kxg4 b5 39. f6+ Ke6 40.
axb5 axb5 41. Rb1 Rb7 42. Kf4 b4 43. Ke3 b3 44. Kd3 b2 45. Kc3 Rc7+ 46. Kxb2
Rc4 47. Rf1 Rc7 48. Rg1 Rc4 49. Rf1 Rc7 50. f7 Rxf7 51. Rxf7 Kxf7 52. Kc3 1-0

[Event "ONJK 2017 B"]
[Site "Borne, Netherlands"]
[Date "2017.08.11"]
[Round "7"]
[White "De Smedt, Lias"]
[Black "Meijer, Kim"]
[Result "1-0"]
[WhiteElo "1271"]
[BlackElo "1106"]
[PlyCount "49"]
[EventDate "2017.08.??"]

1. e4 d5 2. exd5 Nf6 3. Bc4 Nxd5 4. Nf3 Bg4 5. h3 Bh5 6. d3 c5 7. Be3 e6 8.
Nbd2 Bd6 9. Qe2 O-O 10. g4 Bg6 11. h4 h5 12. Ng5 Nf6 13. f3 Nc6 14. Nde4 b6 15.
O-O-O Re8 16. Nxf6+ Qxf6 17. Ne4 Qe7 18. gxh5 Bxh5 19. Qg2 Kh8 20. Rhg1 g6 21.
Bg5 Qc7 22. Nf6 Bf4+ 23. Rd2 Bxd2+ 24. Qxd2 Qe5 25. Nd7 {Diagram #} 1-0

[Event "ONJK 2017 B"]
[Site "Borne, Netherlands"]
[Date "2017.08.11"]
[Round "7"]
[White "Lindenaar, Katja"]
[Black "Honkoop, Mark"]
[Result "0-1"]
[WhiteElo "855"]
[BlackElo "1733"]
[PlyCount "62"]
[EventDate "2017.08.??"]

1. d4 d5 2. Bf4 Nf6 3. Nd2 Bf5 4. e3 e6 5. c3 Bd6 6. Qf3 h6 7. h3 c6 8. g4 Bg6
9. Bg2 Na6 10. c4 Nb4 11. Rc1 Nd3+ 12. Kd1 Nxc1 13. Kxc1 Ne4 14. Nxe4 Bxe4 15.
Qg3 Bxf4 16. Qxf4 Bxg2 17. Rh2 Be4 18. c5 Qa5 19. Kd1 Qxa2 20. f3 Qb1+ 21. Ke2
Qxb2+ 22. Kf1 Bd3+ 23. Ne2 Qc1+ 24. Kf2 Qd2 25. Kg3 Bxe2 26. e4 Qxf4+ 27. Kxf4
Bb5 28. exd5 cxd5 29. Rb2 Bc6 30. Ke5 Kd7 31. f4 f6# 0-1

[Event "ONJK 2017 B"]
[Site "Borne, Netherlands"]
[Date "2017.08.11"]
[Round "7"]
[White "Thienpont, Xander"]
[Black "Hofstra, Remmelt"]
[Result "1-0"]
[WhiteElo "1443"]
[BlackElo "815"]
[PlyCount "65"]
[EventDate "2017.08.??"]

1. e4 e5 2. Nf3 Nc6 3. Bc4 Nf6 4. d3 h6 5. Be3 Bd6 6. c3 b6 7. Nbd2 Qe7 8. Nf1
Bc5 9. Qd2 Ng4 10. h3 Nxe3 11. Nxe3 Na5 12. Bb3 Ba6 13. Nf5 Qf6 14. O-O c6 15.
Rfe1 d5 16. Ng3 b5 17. exd5 cxd5 18. Rxe5+ Kd7 19. Rxd5+ Bd6 20. Ne4 Qe7 21.
Rxd6+ Kc7 22. Rxa6 Nxb3 23. axb3 Kb7 24. Qe3 Kb8 25. Nd4 Qc7 26. Nc6+ Kc8 27.
Nxa7+ Kb7 28. Nc6 Kc8 29. Rxa8+ Kd7 30. Rxh8 Qxc6 31. Ra7+ Ke6 32. Nc5+ Kf6 33.
Ra6 1-0

[Event "ONJK 2017 B"]
[Site "Borne, Netherlands"]
[Date "2017.08.11"]
[Round "7"]
[White "Van Herreweghe, Jarno"]
[Black "Keetelaar, Denny"]
[Result "1-0"]
[WhiteElo "1365"]
[BlackElo "937"]
[PlyCount "63"]
[EventDate "2017.08.??"]

1. d4 d5 2. Bf4 Nc6 3. e3 Nf6 4. Bd3 e6 5. c3 Bd6 6. Bg3 Bxg3 7. hxg3 e5 8. f3
e4 9. Bc2 Qd6 10. Ne2 Bf5 11. g4 exf3 12. gxf3 Be6 13. e4 dxe4 14. fxe4 Bxg4
15. e5 Qd5 16. Rg1 Bxe2 17. Qxe2 Nd7 18. Nd2 O-O-O 19. O-O-O g6 20. Bb3 Qa5 21.
Nf3 h6 22. Bxf7 Rhf8 23. Bb3 Rde8 24. Rxg6 Qb6 25. Rgg1 Na5 26. Ba4 Qe6 27. d5
Qf5 28. e6 Rxe6 29. dxe6 Qf4+ 30. Kb1 Qxa4 31. exd7+ Kd8 32. Rge1 1-0

[Event "ONJK 2017 B"]
[Site "Borne, Netherlands"]
[Date "2017.08.11"]
[Round "7"]
[White "Kroon, Gerbrich"]
[Black "Hofstra, Tetske"]
[Result "1-0"]
[WhiteElo "1467"]
[BlackElo "894"]
[PlyCount "63"]
[EventDate "2017.08.??"]

1. e4 e5 2. Nf3 Nc6 3. Bc4 Bc5 4. c3 Nf6 5. d3 O-O 6. Bg5 Be7 7. Nbd2 Ng4 8.
Bxe7 Qxe7 9. h3 Nh6 10. Qe2 Na5 11. Bb5 c6 12. Ba4 b5 13. Bc2 f6 14. g4 Nf7 15.
h4 d6 16. Rg1 h6 17. Nf1 g5 18. Ne3 Be6 19. Nf5 Bxf5 20. gxf5 h5 21. hxg5 fxg5
22. Nh4 Nh8 23. Qxh5 Rf7 24. Rxg5+ Rg7 25. Rxg7+ Qxg7 26. O-O-O Qf6 27. b4 Nb7
28. Rg1+ Kf8 29. Bb3 Ke7 30. Qh7+ Kd8 31. Rg8+ Qf8 32. Rxf8# 1-0

[Event "ONJK 2017 B"]
[Site "Borne, Netherlands"]
[Date "2017.08.11"]
[Round "7.23"]
[White "Hungeling, Lisa"]
[Black "Schalm, Jacob"]
[Result "0-1"]
[WhiteElo "770"]
[BlackElo "1018"]
[PlyCount "68"]
[EventDate "2017.08.??"]

1. e4 e5 2. Nf3 Nc6 3. Bc4 Bc5 4. Nc3 Nf6 5. d3 h6 6. O-O d6 7. Qe2 Bg4 8. Be3
Nd4 9. Bxd4 Bxd4 10. Nd1 Bb6 11. Ne3 Bh5 12. Nf5 O-O 13. N5h4 c6 14. Rab1 Nh7
15. Rfe1 Re8 16. a3 d5 17. Bb3 Ba5 18. Red1 Qxh4 19. Nxh4 Bxe2 20. Rdc1 Bh5 21.
c3 dxe4 22. dxe4 Ng5 23. Bc2 Ne6 24. b4 Bc7 25. f3 c5 26. Ba4 Red8 27. Rd1
Rxd1+ 28. Rxd1 Rd8 29. Bd7 cxb4 30. cxb4 Nd4 31. Bg4 Bxg4 32. fxg4 Ne2+ 33. Kf1
Rxd1+ 34. Kxe2 Ra1 0-1

[Event "ONJK 2017 B"]
[Site "Borne, Netherlands"]
[Date "2017.08.11"]
[Round "8.1"]
[White "De Vries, Tobias"]
[Black "Van Randtwijk, Mick"]
[Result "0-1"]
[WhiteElo "1747"]
[BlackElo "1892"]
[PlyCount "158"]
[EventDate "2017.08.??"]

1. Nf3 Nf6 2. c4 e6 3. g3 Be7 4. Bg2 O-O 5. O-O d6 6. d4 c5 7. Nc3 Nc6 8. b3
Bd7 9. Bb2 cxd4 10. Nxd4 Nxd4 11. Qxd4 Bc6 12. Rfd1 Bxg2 13. Kxg2 Qc7 14. Rac1
a6 15. Kg1 Qc6 16. Qd3 Rfd8 17. Qf3 Qxf3 18. exf3 Rac8 19. Ba3 Kf8 20. Re1 Rc6
21. Ne4 Rdc8 22. Rcd1 Nxe4 23. fxe4 b5 24. cxb5 axb5 25. Rc1 Ke8 26. Rxc6 Rxc6
27. Rc1 Ra6 28. Bb2 Rxa2 29. Bxg7 f6 30. Bh6 Rb2 31. Rc3 Kd7 32. Be3 b4 33. Rd3
Kc6 34. Kg2 Rc2 35. Kf3 h5 36. h3 Rb2 37. g4 hxg4+ 38. hxg4 Rc2 39. Bd2 Kb5 40.
Ke3 Bf8 41. f4 Be7 42. Kf3 e5 43. Rd5+ Rc5 44. fxe5 fxe5 45. g5 Kc6 46. g6 Bf8
47. Bxb4 Rxd5 48. exd5+ Kxd5 49. Ke3 Ke6 50. Bc3 d5 51. b4 Bg7 52. Bb2 Kd6 53.
Ba3 Kc6 54. Kd3 Kb5 55. Ke2 Ka4 56. Bc1 Kxb4 57. Kd3 Kc5 58. Bg5 Kd6 59. Ke3
Ke6 60. Bd8 Kf5 61. Kf3 Kxg6 62. Kg4 Bf6 63. Bb6 Be7 64. Ba5 Kf6 65. Bd2 Ke6
66. Kf3 Kf5 67. Ba5 d4 68. Bc7 e4+ 69. Ke2 Bg5 70. Ba5 Ke5 71. Bb4 Kd5 72. Ba5
Kc4 73. Be1 d3+ 74. Kd1 e3 75. Bf2 e2+ 76. Ke1 Bf6 77. Be3 Bh4+ 78. Bf2 Bxf2+
79. Kxf2 Kc3 0-1

[Event "ONJK 2017 B"]
[Site "Borne, Netherlands"]
[Date "2017.08.11"]
[Round "8.2"]
[White "Warmerdam, Ivo"]
[Black "Dai, Wenzhi"]
[Result "0-1"]
[WhiteElo "1537"]
[BlackElo "1899"]
[PlyCount "48"]
[EventDate "2017.08.??"]

1. e4 e6 2. d4 d5 3. Nd2 Nf6 4. e5 Nfd7 5. Bd3 c5 6. c3 Nc6 7. Ne2 cxd4 8. cxd4
Qb6 9. Nf3 f6 10. exf6 Nxf6 11. O-O Bd6 12. h3 O-O 13. Re1 Bd7 14. Nc3 Rae8 15.
Bc2 Re7 16. a3 Be8 17. g4 Kh8 18. g5 Nh5 19. Nh4 Qxd4 20. Qxd4 Nxd4 21. Bb1 Nb3
22. Ra2 Nxc1 23. Rxc1 Bf4 24. Re1 Bxg5 0-1

[Event "ONJK 2017 B"]
[Site "Borne, Netherlands"]
[Date "2017.08.11"]
[Round "8.3"]
[White "Gijsen, William"]
[Black "Decruyenaere, Robbert"]
[Result "1-0"]
[WhiteElo "1856"]
[BlackElo "1818"]
[PlyCount "109"]
[EventDate "2017.08.??"]

1. e4 e6 2. d4 d5 3. Nc3 Nf6 4. Bg5 Bb4 5. e5 h6 6. Be3 Ne4 7. Nge2 c5 8. a3
Nxc3 9. bxc3 cxd4 10. Qxd4 Be7 11. Qg4 Kf8 12. Nd4 Nc6 13. f4 a6 14. Bd3 Qa5
15. Bd2 Qa4 16. f5 Kg8 17. f6 Bf8 18. O-O Nxe5 19. Qh5 Bd6 20. fxg7 Kxg7 21.
Nb5 axb5 22. Rxf7+ Nxf7 23. Qg6+ Kf8 24. Rf1 Qa7+ 25. Kh1 b6 26. Bxh6+ Ke8 27.
Bxb5+ Kd8 28. Rxf7 Qxf7 29. Qxf7 Rxh6 30. Qg8+ Kc7 31. Qg7+ Kb8 32. Qxh6 Rxa3
33. g4 Rxc3 34. Bd3 Rc7 35. g5 Be5 36. Qf8 Rg7 37. Ba6 Rc7 38. Bd3 Rg7 39. g6
Kc7 40. h4 Rd7 41. h5 Bg7 42. Qb4 Bb7 43. Kh2 e5 44. Bf5 Rd6 45. Qh4 Bf6 46.
Qh3 d4 47. h6 Bd5 48. g7 Rd8 49. Be6 Bxe6 50. Qxe6 Bg5 51. Qxe5+ Kc8 52. Qxg5
d3 53. cxd3 b5 54. Qxd8+ Kxd8 55. g8=Q+ 1-0

[Event "ONJK 2017 B"]
[Site "Borne, Netherlands"]
[Date "2017.08.11"]
[Round "8.4"]
[White "Salem Elier, Ali"]
[Black "Baselmans, Luuk"]
[Result "1-0"]
[WhiteElo "1962"]
[BlackElo "1947"]
[PlyCount "73"]
[EventDate "2017.08.??"]

1. e4 e6 2. d4 d5 3. Nd2 Nf6 4. e5 Nfd7 5. f4 c5 6. c3 Nc6 7. Ndf3 Be7 8. g3
cxd4 9. cxd4 O-O 10. Kf2 f6 11. Kg2 fxe5 12. fxe5 Nb6 13. Bd3 Bd7 14. h4 Rc8
15. Bxh7+ Kh8 16. Ng5 Qe8 17. N1f3 Qh5 18. Bb1 Na5 19. Qd3 Nac4 20. Nh2 Kg8 21.
Bc2 Bb5 22. Qh7+ Qxh7 23. Bxh7+ Kh8 24. Nhf3 Bd7 25. b3 Na3 26. Rh3 Rc3 27. Bg6
Nc2 28. Bd2 Rcxf3 29. Nxf3 Nxa1 30. Rh1 Nxb3 31. axb3 Be8 32. Bd3 Bd7 33. h5
Be8 34. g4 a6 35. g5 g6 36. hxg6+ Kg8 37. g7 1-0

[Event "ONJK 2017 B"]
[Site "Borne, Netherlands"]
[Date "2017.08.11"]
[Round "8.5"]
[White "Noordenbos, Daan"]
[Black "Schaefer, Daniel"]
[Result "1-0"]
[WhiteElo "1606"]
[BlackElo "1792"]
[PlyCount "53"]
[EventDate "2017.08.??"]

1. e4 e6 2. d4 d5 3. Nc3 Nf6 4. Bg5 Be7 5. e5 Nfd7 6. Bxe7 Qxe7 7. f4 a6 8. Nf3
c5 9. Qd2 Nc6 10. O-O-O b5 11. dxc5 Qxc5 12. Bd3 Bb7 13. Kb1 O-O 14. Qe1 Nb4 {
Diagram #} 15. Bxh7+ Kxh7 16. Qh4+ Kg8 17. Ng5 Rfe8 18. a3 Nxc2 19. Kxc2 b4 20.
axb4 Qxb4 21. Qh5 Nf8 22. Qxf7+ Kh8 23. Rd3 Qa4+ 24. Nxa4 Rac8+ 25. Kb1 Rc1+
26. Rxc1 d4 27. Rh3+ 1-0

[Event "ONJK 2017 B"]
[Site "Borne, Netherlands"]
[Date "2017.08.11"]
[Round "8.6"]
[White "Vitharana, Annelies"]
[Black "Van Dongen, Sam"]
[Result "1-0"]
[WhiteElo "1789"]
[BlackElo "1856"]
[PlyCount "89"]
[EventDate "2017.08.??"]

1. e4 Nc6 2. d4 d5 3. e5 f6 4. f4 Nh6 5. Nf3 Bf5 6. Bd3 Be4 7. c3 Qd7 8. Qe2 f5
9. Nbd2 e6 10. b4 a6 11. Nb3 Nf7 12. Be3 Be7 13. O-O h6 14. Nc5 Bxc5 15. bxc5
Rg8 16. Rab1 Na5 17. Bxe4 dxe4 18. Nd2 g5 19. Nc4 Nxc4 20. Qxc4 c6 21. Qe2 g4
22. Bf2 h5 23. Bh4 Nh8 24. Rb6 Kf7 25. Rfb1 Rab8 26. Qb2 Rgc8 27. Rxb7 Rxb7 28.
Qxb7 Rc7 29. Qxa6 Ng6 30. Bg5 h4 31. a4 h3 32. g3 Ra7 33. Qc4 Rb7 34. Rb6 Ne7
35. Bxe7 Kxe7 36. a5 Ra7 37. a6 Qc7 38. Qb3 Kd7 39. c4 Qc8 40. Rb7+ Rxb7 41.
axb7 Qb8 42. Qb6 e3 43. Kf1 Ke7 44. Qxc6 Qa7 45. Qc7+ 1-0

[Event "ONJK 2017 B"]
[Site "Borne, Netherlands"]
[Date "2017.08.11"]
[Round "8.7"]
[White "Schelleman, Iris"]
[Black "Martinez, Anna"]
[Result "1/2-1/2"]
[WhiteElo "1730"]
[BlackElo "1837"]
[PlyCount "54"]
[EventDate "2017.08.??"]

1. e4 c5 2. Nc3 g6 3. f4 Bg7 4. Nf3 d6 5. Bb5+ Bd7 6. Bxd7+ Qxd7 7. O-O Nc6 8.
d3 e6 9. Qe1 Nge7 10. Be3 O-O 11. a3 Nd4 12. Qf2 Nec6 13. Kh1 Nxf3 14. Qxf3 f5
15. Nd1 Rac8 16. c3 b5 17. g4 c4 18. d4 Na5 19. Nf2 Nc6 20. e5 fxg4 21. Qxg4 d5
22. Nh3 Rce8 23. Ng5 Rf5 24. Bd2 Ne7 25. Rg1 Ref8 26. Rg3 Bh6 27. Nh3 a5
1/2-1/2

[Event "ONJK 2017 B"]
[Site "Borne, Netherlands"]
[Date "2017.08.11"]
[Round "8.8"]
[White "Merkon, Oseb"]
[Black "Verheyen, Olivier"]
[Result "1-0"]
[WhiteElo "1833"]
[BlackElo "1731"]
[PlyCount "75"]
[EventDate "2017.08.??"]

1. c4 e5 2. Nc3 Nf6 3. g3 d5 4. cxd5 Nxd5 5. Bg2 Nb6 6. Nf3 Nc6 7. a3 Be7 8. b4
a6 9. d3 Be6 10. Bb2 O-O 11. Rc1 f5 12. O-O Qd7 13. Na4 Nxa4 14. Qxa4 Rab8 15.
Qc2 Bd6 16. Rfd1 Qe7 17. Nd2 Nd4 18. Bxd4 exd4 19. Nf3 Qf6 20. Qb2 Be5 21. Rc5
Bd6 22. Rcc1 Be5 23. Nxe5 Qxe5 24. Rc5 Qd6 25. Rdc1 Rf7 26. b5 axb5 27. Rxb5 f4
28. Rxb7 Rxb7 29. Qxb7 Qxa3 30. Qc6 Qe7 31. gxf4 Rxf4 32. Qxc7 Qf8 33. Rb1 Rf7
34. Qe5 Re7 35. Rb8 Re8 36. Rxe8 Qxe8 37. Bd5 Kf7 38. Qf5+ 1-0

[Event "ONJK 2017 B"]
[Site "Borne, Netherlands"]
[Date "2017.08.11"]
[Round "8.9"]
[White "Bilecen, Simon"]
[Black "Damen, Sven"]
[Result "0-1"]
[WhiteElo "1619"]
[BlackElo "1544"]
[PlyCount "99"]
[EventDate "2017.08.??"]

1. d4 d5 2. Nf3 Nf6 3. Bf4 c5 4. e3 Nc6 5. c3 Qb6 6. Qb3 c4 7. Qxb6 axb6 8. Na3
Nh5 9. Bc7 Ra6 10. Nb5 Bf5 11. Ne5 Nxe5 12. Bxe5 Ra5 13. a4 Bc2 14. Be2 Nf6 15.
Bd1 Bxd1 16. Kxd1 Kd7 17. Ke2 e6 18. f3 Be7 19. Ra2 Rha8 20. Rha1 Ne8 21. e4 f6
22. Bg3 Nd6 23. Bxd6 Bxd6 24. g3 h5 25. exd5 exd5 26. f4 h4 27. Kf3 Re8 28.
gxh4 Re4 29. Nxd6 Kxd6 30. Rg1 Re7 31. Raa1 Ra8 32. Kf2 Rh8 33. Rg4 Rhe8 34.
Rg2 Re2+ 35. Kf1 Rxg2 36. Kxg2 Re2+ 37. Kg3 Rxb2 38. Ra3 Ke6 39. a5 bxa5 40.
Rxa5 Rb3 41. Kf2 Rxc3 42. Rb5 Rb3 43. Rc5 Kd6 44. Rc8 b5 45. Rg8 c3 46. Ke2 b4
47. Rxg7 Rb2+ 48. Kd1 b3 49. Kc1 Ra2 50. Rd7+ 0-1

[Event "ONJK 2017 B"]
[Site "Borne, Netherlands"]
[Date "2017.08.11"]
[Round "8.11"]
[White "Ghebreab, Elnathan"]
[Black "De Smedt, Lias"]
[Result "1-0"]
[WhiteElo "1837"]
[BlackElo "1271"]
[PlyCount "65"]
[EventDate "2017.08.??"]

1. e4 e5 2. Nf3 Nc6 3. d4 exd4 4. Bc4 Bc5 5. c3 Nf6 6. cxd4 Bb4+ 7. Bd2 Nxe4 8.
Bxb4 Nxb4 9. Bxf7+ Kxf7 10. Qb3+ Kf8 11. Qxb4+ Qe7 12. Qxe7+ Kxe7 13. Nc3 Nf6
14. Kd2 d6 15. Rhe1+ Kd8 16. Ng5 Rf8 17. d5 Bf5 18. Ne6+ Bxe6 19. dxe6 Ke7 20.
g4 Rad8 21. g5 Ng4 22. Nd5+ Ke8 23. Nxc7+ Ke7 24. Nd5+ Ke8 25. f4 Rf5 26. Nc7+
Ke7 27. Rac1 d5 28. Nb5 a6 29. Rc7+ Kf8 30. e7+ Ke8 31. Nd6+ Rxd6 32. Rc8+ Kd7
33. e8=Q# 1-0

[Event "ONJK 2017 B"]
[Site "Borne, Netherlands"]
[Date "2017.08.11"]
[Round "8.12"]
[White "Butzen, Robin"]
[Black "Kanbier, Guy"]
[Result "0-1"]
[WhiteElo "1825"]
[BlackElo "1487"]
[PlyCount "42"]
[EventDate "2017.08.??"]

1. e4 e6 2. d4 d5 3. Nc3 Bb4 4. e5 a6 5. f4 Nh6 6. Nf3 c5 7. a3 cxd4 8. Nxd4
Bxc3+ 9. bxc3 Bd7 10. c4 dxc4 11. Bxc4 Nc6 12. O-O O-O 13. c3 Nxd4 14. cxd4 Qb6
15. Rb1 Qxb1 16. Bd3 Qa1 17. Kh1 Bc6 18. h3 Kh8 19. Kh2 Qxd4 20. Qe2 Rad8 21.
Rd1 Bb5 0-1

[Event "ONJK 2017 B"]
[Site "Borne, Netherlands"]
[Date "2017.08.11"]
[Round "8.13"]
[White "Segers, Job"]
[Black "Vleming, Stefan"]
[Result "0-1"]
[WhiteElo "1427"]
[BlackElo "1652"]
[PlyCount "138"]
[EventDate "2017.08.??"]

1. e4 e6 2. d4 d5 3. exd5 exd5 4. Nf3 Nf6 5. Bd3 Bd6 6. O-O O-O 7. Bg5 c6 8.
Nbd2 Bg4 9. h3 Bh5 10. Re1 Nbd7 11. b3 Bb4 12. c4 h6 13. Bf4 Bc3 14. Rc1 Bxf3
15. Qxf3 Bxd4 16. Bf5 Re8 17. Qd3 Be5 18. Be3 Nb6 19. Nf3 Bc7 20. c5 Nbd7 21.
Nd4 Ne5 22. Qb1 a5 23. Kh1 Qb8 24. Qc2 a4 25. b4 Nc4 26. Qc3 Bf4 27. Bxf4 Qxf4
28. Kg1 Qd2 29. Qxd2 Nxd2 30. Rxe8+ Rxe8 31. Rd1 Nc4 32. Bc2 a3 33. Bd3 Nb2 34.
Rd2 Re1+ 35. Kh2 Ra1 36. Nb3 Re1 37. Bf5 Ne4 38. Bxe4 Rxe4 39. Nd4 Nc4 40. Rd1
g6 41. g3 Nb2 42. Rd2 Re1 43. Nc2 Rd1 44. Rxd1 Nxd1 45. Kg2 Kg7 46. Kf1 Nc3 47.
Nxa3 Nxa2 48. Nc2 Nc3 49. Ke1 Kf6 50. f3 Ke5 51. Kd2 Na4 52. Ke3 b6 53. f4+ Kf6
54. Kd4 b5 55. Ne3 h5 56. g4 Nb2 57. Nxd5+ cxd5 58. Kxd5 Nd3 59. Kc6 Nxb4+ 60.
Kxb5 Nd5 61. c6 Ke6 62. Ka6 Kd6 63. Kb7 hxg4 64. hxg4 f6 65. f5 g5 66. Kc8 Kxc6
67. Kd8 Kd6 68. Ke8 Ke5 69. Kf7 Ne3 0-1

[Event "ONJK 2017 B"]
[Site "Borne, Netherlands"]
[Date "2017.08.11"]
[Round "8.14"]
[White "Nies, Levi"]
[Black "Heij, Abedin"]
[Result "1-0"]
[WhiteElo "1351"]
[BlackElo "1594"]
[PlyCount "57"]
[EventDate "2017.08.??"]

1. e4 e5 2. Nf3 Nc6 3. Bc4 Bc5 4. c3 Nf6 5. d4 exd4 6. cxd4 Bb4+ 7. Nc3 d6 8.
Bg5 Bg4 9. Bb5 O-O 10. Bxc6 bxc6 11. O-O h6 12. a3 Bxc3 13. Bxf6 Qxf6 14. bxc3
Rab8 15. Qd3 Rb6 16. Nd2 d5 17. Qg3 Qg5 18. f4 Qg6 19. f5 Qg5 20. Rf2 Bh5 21.
Qxc7 Rb2 22. Nf3 Bxf3 23. Rxb2 Bxe4 24. Qxc6 Qxf5 25. Rf1 Qg4 26. Qc7 a6 27.
Qd6 Bd3 28. Re1 Bc4 29. Qxf8+ 1-0

[Event "ONJK 2017 B"]
[Site "Borne, Netherlands"]
[Date "2017.08.11"]
[Round "8.15"]
[White "Thienpont, Xander"]
[Black "Eelsingh, Janko"]
[Result "1/2-1/2"]
[WhiteElo "1443"]
[BlackElo "1202"]
[PlyCount "69"]
[EventDate "2017.08.??"]

1. d4 f5 2. e4 fxe4 3. Nc3 Nf6 4. Bg5 e6 5. Nxe4 Be7 6. Bxf6 Bxf6 7. Nxf6+ Qxf6
8. Nf3 O-O 9. Qd2 b6 10. Be2 Bb7 11. O-O-O a5 12. Rhg1 a4 13. a3 Kh8 14. Qc3
Nc6 15. Bb5 Ra5 16. Qc4 Qf5 17. Bxc6 Bxc6 18. Rd3 Bb5 19. Qxc7 Bxd3 20. cxd3
Qf4+ 21. Qxf4 Rxf4 22. Kd2 g5 23. Ke3 Raf5 24. Rf1 g4 25. Ne5 d6 26. g3 dxe5
27. gxf4 exf4+ 28. Kd2 Kg7 29. Rg1 h5 30. Rc1 Rb5 31. Rc7+ Kf6 32. Kc3 Rb3+ 33.
Kc2 h4 34. Rh7 Kg5 35. Rg7+ 1/2-1/2

[Event "ONJK 2017 B"]
[Site "Borne, Netherlands"]
[Date "2017.08.11"]
[Round "8.16"]
[White "Honkoop, Mark"]
[Black "Van Aken, Jelmer"]
[Result "1-0"]
[WhiteElo "1733"]
[BlackElo "1395"]
[PlyCount "87"]
[EventDate "2017.08.??"]

1. e4 c5 2. Nf3 d6 3. Bb5+ Nc6 4. O-O a6 5. Bxc6+ bxc6 6. d3 g6 7. Re1 Bg4 8.
Nbd2 Bg7 9. h3 Be6 10. c3 Nf6 11. Nf1 Rb8 12. Qc2 Qd7 13. Bf4 Nh5 14. Bd2 O-O
15. Ne3 Rb5 16. b3 Rc8 17. Rac1 d5 18. c4 dxc4 19. dxc4 Rb7 20. Bc3 Bxc3 21.
Qxc3 Qd6 22. Rcd1 Qf4 23. Qe5 Qxe5 24. Nxe5 f6 25. Nd3 Bf7 26. Nxc5 Ra7 27. Rd2
Kf8 28. Red1 Ke8 29. Rd7 Raa8 30. Nc2 Nf4 31. Na4 Rab8 32. R7d2 Kf8 33. h4 Ne6
34. Nd4 Nd8 35. Nc5 Ke8 36. Nxa6 Ra8 37. Nc5 Ra5 38. Nd3 Rca8 39. Ra1 Ra3 40.
Kf1 e5 41. Nc2 Rxa2 42. Rxa2 Rxa2 43. Ke2 Kd7 44. Ndb4+ 1-0

[Event "ONJK 2017 B"]
[Site "Borne, Netherlands"]
[Date "2017.08.11"]
[Round "8.17"]
[White "Bruening, Silas"]
[Black "Hematyar, Fardin"]
[Result "1-0"]
[WhiteElo "1142"]
[BlackElo "1612"]
[PlyCount "123"]
[EventDate "2017.08.??"]

1. e4 e5 2. Nf3 Nc6 3. Bc4 Bc5 4. c3 Nf6 5. d3 h6 6. O-O d6 7. h3 Be6 8. Bb3
O-O 9. Re1 Qd7 10. Nbd2 Bxh3 11. gxh3 Qxh3 12. Nf1 Qg4+ 13. Kh1 Bxf2 14. N1h2
Qh3 15. Re2 Ng4 16. Qf1 Qg3 17. Qg2 Nxh2 18. Rxf2 Qxg2+ 19. Kxg2 Nxf3 20. Kxf3
Na5 21. Bc2 f5 22. Ke2 f4 23. Bd2 g5 24. Rh1 Kg7 25. Rfh2 Rh8 26. Kf3 Raf8 27.
b4 Nc6 28. Bb3 Ne7 29. Be6 Rf6 30. Bg4 Ng6 31. Be1 c6 32. a4 Ne7 33. Bf2 a6 34.
Rb1 Rf7 35. Rd1 Ng8 36. Rg1 Nf6 37. Bh5 Nxh5 38. Rxh5 Kg6 39. Rgh1 d5 40. Kg4
dxe4 41. dxe4 Rd7 42. Rxg5+ hxg5 43. Rxh8 Rd2 44. Bc5 Rg2+ 45. Kf3 Rg3+ 46. Kf2
g4 47. Re8 Rxc3 48. Rxe5 Rc2+ 49. Kf1 Rc4 50. a5 g3 51. Kg2 Rc2+ 52. Kf3 g2 53.
Bg1 Rb2 54. Rf5 Rxb4 55. Rxf4 Rb5 56. Rg4+ Kf7 57. Bb6 Kf6 58. Rxg2 Ke5 59.
Rg5+ Ke6 60. Rxb5 axb5 61. Bc5 Ke5 62. Ke3 1-0

[Event "ONJK 2017 B"]
[Site "Borne, Netherlands"]
[Date "2017.08.11"]
[Round "8.18"]
[White "Zuurmond, Derek"]
[Black "Van Herreweghe, Jarno"]
[Result "1-0"]
[WhiteElo "1471"]
[BlackElo "1365"]
[PlyCount "55"]
[EventDate "2017.08.??"]

1. e4 e5 2. f4 Bc5 3. Nf3 d6 4. c4 f6 5. d4 exd4 6. Nxd4 f5 7. Nxf5 Bxf5 8.
exf5 Qe7+ 9. Qe2 Qxe2+ 10. Kxe2 Nd7 11. Nc3 O-O-O 12. Bd2 Re8+ 13. Kf3 Nh6 14.
g4 Nb6 15. Bd3 g6 16. Rae1 Ref8 17. fxg6 hxg6 18. Bxg6 Rfg8 19. f5 Kd7 20. g5
Nxc4 21. Ne4 Ne5+ 22. Kg3 Nhg4 23. h3 Nf2 24. Nxf2 Bxf2+ 25. Kxf2 Rf8 26. Kg3
Nxg6 27. fxg6 Rhg8 28. Rhf1 1-0

[Event "ONJK 2017 B"]
[Site "Borne, Netherlands"]
[Date "2017.08.11"]
[Round "8.19"]
[White "Meijer, Kim"]
[Black "Kroon, Gerbrich"]
[Result "0-1"]
[WhiteElo "1106"]
[BlackElo "1467"]
[PlyCount "58"]
[EventDate "2017.08.??"]

1. e4 c6 2. d4 d5 3. e5 Bf5 4. f4 e6 5. Nf3 Nd7 6. Be2 c5 7. c3 Ne7 8. O-O Nc6
9. Be3 Qb6 10. b3 Be7 11. Nbd2 Rc8 12. Rc1 O-O 13. Qe1 cxd4 14. Nxd4 Nxd4 15.
cxd4 Qa5 16. a4 Bb4 17. Qd1 Qb6 18. Nf3 Rc3 19. Bd2 Rxc1 20. Qxc1 Bxd2 21. Qxd2
Qxb3 22. Rc1 Re8 23. Rc7 Nb8 24. a5 a6 25. Qc1 Nc6 26. Bd1 Qb5 27. Qc3 h6 28.
Kf2 Qxa5 29. Qxa5 Nxa5 {... [57]} 0-1

[Event "ONJK 2017 B"]
[Site "Borne, Netherlands"]
[Date "2017.08.11"]
[Round "8.20"]
[White "Vermet, Thomas"]
[Black "Tiemens, Tygo"]
[Result "1-0"]
[WhiteElo "1137"]
[BlackElo "1015"]
[PlyCount "49"]
[EventDate "2017.08.??"]

1. e4 e5 2. Nf3 Nc6 3. Bc4 Bc5 4. c3 Nf6 5. d3 O-O 6. O-O d5 7. exd5 Nxd5 8.
Re1 Bg4 9. Nbd2 Re8 10. Ne4 b6 11. Bb5 Qd7 12. h3 Bh5 13. Ng3 Nf6 14. Nxh5 Nxh5
15. Bxc6 Qxc6 16. Nxe5 Qf6 17. d4 Bxd4 18. cxd4 Nf4 19. Bxf4 Qxf4 20. Qf3 Qxf3
21. Nxf3 Red8 22. Re7 Rac8 23. Rc1 c5 24. dxc5 bxc5 25. Rxa7 {...[58]} 1-0